00311nam a2200121Ia 45000030006000000080041000060400015000471000039000622450039001012600020001405460012001600050017001720STCL150530s9999 xx 000 0 und d aSTCLcSTCL aSamuel Maron, H.; Jerome Lando, B. aFundamentals of physical chemistry bMacmillanc1974 aEnglish20220125170236.0